Finish the Quotes: 'The Outsiders' (Book) Quiz Stats

 Plays Quiz not verified by Sporcle

Score 0/24 Timer 06:00
0 Plays Today
% Correct
East side too
85%
gold
83.9%
touch you
82.6%
what he wanted
82.3%
pity
80.9%
hate
80.3%
learn
79.6%
a flat tire
79.6%
sunset
78.8%
rough all over
78.5%
a pack
77.7%
he'd die someday
77.6%
% Correct
he knows
77.5%
self-defense
75.6%
at the bottom
75.3%
I will
74%
books and clouds and sunsets
72.1%
have fun
70.8%
he scared me
70.5%
believe me
70.1%
then the sun rose
67.2%
dead just overnight
66.8%
belong
62.3%
Southern gentlemen had nothing on Johnny Cade
48.9%

You're not logged in!

Compare scores with friends on all Sporcle quizzes.
OR
Log In

You Might Also Like...

Show Comments

Extras

Top Quizzes Today


Score Distribution

Your Account Isn't Verified!

In order to create a playlist on Sporcle, you need to verify the email address you used during registration. Go to your Sporcle Settings to finish the process.

Report this User

Report this user for behavior that violates our Community Guidelines.

Details: